| 000 | 00313nam a22001217a 4500 | ||
|---|---|---|---|
| 020 | _a0735615888 | ||
| 082 |
_222 _a005.8 |
||
| 100 | _aHoward, Michael and LeBlane, David. | ||
| 245 | _aWriting secure code / | ||
| 260 |
_aUSA, _bMicrosoft Press, _cc2002. |
||
| 300 |
_axxiv, 477p. ; _bill. ; _c23 cm. |
||
| 942 |
_2ddc _cIT |
||
| 999 |
_c1878 _d1878 |
||